MDQL
is popping MORE tags! Check the
thread
!
Quizzes
Events
Quiz Creation
Community
Videos
Private Events
Remove Ads
Sign In
Join for FREE
Feedback
Dark Mode
Quiz Categories
Sports
Geography
Music
Movies
Television
Just For Fun
Miscellaneous
History
Literature
Language
Science
Gaming
Entertainment
Religion
Holiday
For Kids
Quiz Lab
Recent
Popular Today
Quiz Kudos Today
Editor Picks
Curator Picks
Quizzes by...
Day
Popularity
Type
Ratings
Length
Year
Community
Subscriptions
Recent Discussions
Orange Saloon
Badges
Playlists
Quests
Create
Leaderboards
Showdown
Live 5
Trivia Bingo
Activity
Puzzle Library
Sporcle Events
Private Events
Virtual Trivia
Globe League
Become a Host
Pub Owners
SporcleCon
Opinionation
Our Games
Videos
Blog
Mobile Apps
Partnerships
Remove Ads and Go Orange
Feedback
Language
Vocabulary
Begins and Ends
Definition
Spanish
French
German
Italian
Chinese
Latin
Translation
Japanese
Language
Vocabulary
Begins and Ends
Definition
Spanish
French
German
Italian
Chinese
Latin
Translation
Japanese
Random Quiz
Search Sporcle
×
Quiz Lab
Quiz Lab
Language
Bands
Type in answers that appear in a list
Type in answers that appear in a list
Classic
Best Score? Go Orange.
Band Names in Dutch Stats
Can you name the Famous Musical Groups' Names in Dutch?
By
lrsnb12
6m
20 Questions
385 Plays
385 Plays
385 Plays
Comments
Comments
Give Quiz Kudos
Give Quiz Kudos
-
- Ratings
hide this ad
More Info
Random Order
Randomize order of answers
Randomize order of answers
Replay
Link that replays current quiz
Next Quiz
Link to next quiz in quiz playlist
You Got
0%
They Got
Avg Score
59%
Avg Friend Score
Upgrade to see
Score Distribution
Jump to the score distribution portion of the page
Score
0/20
Timer
06:00
0
Plays Today
Name in Dutch
Name in English
% Correct
De Auto's
The Cars
93.6%
Groene Dag
Green Day
93.3%
De Rollende Stenen
The Rolling Stones
92.8%
De Witte Strepen
The White Stripes
90.1%
De Wie
The Who
88.3%
De Deuren
The Doors
86.9%
De Strandjongens
The Beach Boys
83.5%
Pratende Hoofden
Talking Heads
79.5%
Gouden Oorbel
Golden Earring
78.9%
Het Eenzame Eiland
The Lonely Island
69.9%
Name in Dutch
Name in English
% Correct
De Moeders Van Uitvinding
(Frank Zappa and) The Mothers of Invention
54.7%
De Fluwele Ondergrond
The Velvet Underground
51.5%
De Genezing
The Cure
42.7%
De Krekels
(Buddy Holly and) The Crickets
38.4%
De Dankbare Doden
The Grateful Dead
37.9%
Zwerfkatten
Stray Cats
35.2%
Volksvijand
Public Enemy
34.7%
Een Zwerm Zeemeeuwen
A Flock of Seagulls
28.8%
De Korven
The Hives
10.9%
De Wolven (TRICKY ONE)
Los Lobos
4%
Quiz Playlist
Details
Report
Send in Message
Add To Playlist
More Info:
DUTCH IS ALMOST THE SAME AS ENGLISH- If an answer seems obvious, it probably is
Classic:
Type in answers that appear in a list
Random Order:
Randomize order of answers
Last Updated: Feb 16, 2017
Quiz Scoreboard
CHALLENGE
Sign Up to Join the Scoreboard
Show All
Scores
Hide
Comments
May contain spoilers
Recently Published
Street Fighter Characters
by Artimus82
Gaming
60s
9x9 Crossword: Cartoon Network
by jackfrog10
Miscellaneous
3m
College Basketball Coaching Resumes
by pancakes188
Sports
9m
More to Explore
Quiz From the Vault
Featured Blog Post
Where Did the Easter Bunny Come From?
hide this ad
You Might Also Like...
Tags
Bands Quiz
Amsterdam
dutch
English
Musician
Netherlands
Today's Top Quizzes in Language
Browse Language
hide this ad
Today's Top Quizzes in Bands
Browse Bands
Top Contributed Quizzes in Language
1
1-10 Letter F Words III
2
1-10 Letter G Words III
3
1-10 Letter H Words III
4
Celtic Nations in their Language
5
Alphabetize! : 'As' words
6
1-10 Letter I Words III
7
One Thing in Common: Italy
8
Order Up: Top 10 Most Native Spoken Languages
9
1-10 Letter J Words III
10
Weisst du, aus welchen Sprachen diese Wörter stammen?
Explore More
Trending Topics
Anime
Crossword
Kpop
Harry Potter
Disney
Marvel
NBA
WWE
Song
Puzzle
Country
NFL
Pokémon
Soccer
The Office
hide this ad
More By:
lrsnb12
Quiz
Plays
Rating
Category
Featured
Created
Dutch Footballers On AC Milan
4,139
4.67
Sports
Jan 27, 2011
Dutch Footballers on Barcelona
1,474
5.00
Sports
Dec 24, 2010
Italy Football Nationalities
898
3.25
Sports
Dec 23, 2010
Places they're taking the hobbits
481
4.33
Movies
Jan 22, 2012
Bands by First Track on First Album
413
4.53
Music
Sep 4, 2011
Go to Creator's Profile
Score Distribution
Quiz Creator Spotlight
lrsnb12
Follow
Send a Message
Quizzes Created
-
Created Quiz Play Count
-
More By This Creator
Popular Quizzes Today
1
Find the US States - No Outlines Minefield
2
Find the Countries of Europe - No Outlines Minefield
3
The Countries of the World
4
Find the US States
5
Risky Map Clicking: Biggest States A-Z
6
US States
7
Popular People in 1961
8
Movies - When Are They Set?
More Language Quizzes
Blitz! Ends in ...ROLE
Quiz Lab
Trending Quizzes
Risky Map Clicking: Least Populous States A-Z
Countries of the World: 200 Million BC
Billboard Blitz: Aretha Franklin
1-10 Letter G Words
Famous Russians: Author or Composer?
Recently Updated
Leaping Animals
pecheneg
Reality TV Shows (A-Z)
bhenderson79
Rickey Henderson's Hall of Fame Teammates
pecheneg
Champions League XIs: Arsenal
pecheneg
Quick Pick: Celebrities in WWE's Hall of Fame
aduchscher
A-Z Keypad Blitz II
pecheneg
Multiple Oscar Actors
pecheneg
Mystery Phrase Blitz: Oscar 'Best Actors'
pecheneg
F. Scott Fitzgerald Novels
LTH
Pick 3 Villains
ddd62291
Trending Topics
Marvel
Kpop
Crossword
Disney
Harry Potter
Anime
NBA
NFL
Pokémon
Song
The Office
Country
Soccer
WWE
Puzzle
Your Account Isn't Verified!
In order to create a playlist on Sporcle, you need to verify the email address you used during registration. Go to your
Sporcle Settings
to finish the process.
Report this User
Report this user for behavior that violates our
Community Guidelines
.
Details:
Send Report
Go to the Sporcle.com Mobile Site →
Comments